Rays of letters/ (Record no. 174490)

MARC details
000 -LEADER
fixed length control field 00473nam a22001697a 4500
005 - DATE AND TIME OF LATEST TRANSACTION
control field 20200618145750.0
010 ## - LCCN (DPL NO)
LC control number ENG-128212
020 ## - INTERNATIONAL STANDARD BOOK NUMBER
Terms of availability 80.00
035 ## - SYSTEM CONTROL NUMBER
System control number EN-111744
037 ## - SOURCE OF ACQUISITION
Source of stock number/acquisition DBAD/PUB
082 ## - DEWEY DECIMAL CLASSIFICATION NUMBER
Classification number 80.00
245 ## - TITLE STATEMENT
Title Rays of letters/
Statement of responsibility, etc edited by Narayan G.Mehare...[etall].
260 ## - PUBLICATION, DISTRIBUTION, ETC. (IMPRINT)
Place of publication, distribution, etc Nagpur
Name of publisher, distributor, etc sunshine Books
Date of publication, distribution, etc 2019
270 ## - ADDRESS
Address Raghav Publishers & Distributors
City Nagpur
Postal code 440032
300 ## - PHYSICAL DESCRIPTION
Extent 115p.
Dimensions 23cm(pbk)
942 ## - ADDED ENTRY ELEMENTS (KOHA)
Source of classification or shelving scheme Dewey Decimal Classification
Item type English Books
Classification part 880
Holdings
Withdrawn status Lost status Not for loan Collection code Home library Current library Date acquired Source of acquisition Cost, normal purchase price Full call number Barcode Copy number Cost, replacement price Koha item type
      Non-fiction Central Library Central Library 18/06/2020 DBAD/PUB 80.00 880 EN-111744 1 80.00 English Books

© Delhi Public Library
Hit Counter
free hit counter